00357 2200157 4500001002100000005001500021035002000036245004600056100001700102250000600119300001200125260002800137082000800165084001400173990001200187INLIS00000000000247320250604110002 a0010-06250000591 aCepat Kaya Jadi Presenter /cAA. Kunto, A0 aAA. Kunto, A a1 a152 hlm bIndonesia Cerdas,c2007 a600 a600 AA. c a0712302